Statistics for Manchester United 1998/99 squad

Click here to take the quiz!

General Stats

  • This quiz has been taken 24 times
  • The average score is 14 of 23

Answer Stats

Shirt no.Player% Correct
7David Beckham
96%
2Gary Neville
96%
12Phil Neville
96%
9Andy Cole
87%
1Peter Schmeichel
87%
16Roy Keane
87%
Alex Ferguson
83%
19Dwight Yorke
83%
6Jaap Stam
83%
11Ryan Giggs
83%
3Denis Irwin
78%
20Ole Gunnar Solskjær
74%
18Paul Scholes
74%
10Teddy Sheringham
70%
8Nicky Butt
57%
15Jesper Blomqvist
52%
5Ronny Johnsen
43%
4David May
35%
21Henning Berg
35%
24Wes Brown
35%
17Raimond van der Gouw
17%
13John Curtis
0%
23Mike Clegg
0%

Score Distribution

Percentile by Number Answered

Percent of People with Each Score

Your Score History

You have not taken this quiz